000 00214nam a2200097Ia 4500
008 220204s9999 xx 000 0 und d
082 _a82-3
_bHOR
100 _aHorner, Lance
245 0 _aSantiago blood
942 _cBK
999 _c32618
_d32618